00666nam a2200181 i 450000100060000000300090000600500170001500700030003200800410003510000290007624501090010526000390021430000330025370000270028685200320031399900170034595201220036275446ES-MaACL20230906172444.0t|040924s1965 sp ||||1| spa d1 aGraffigna, Carlo.95951410aYeti b: historia y mito del hombre de las nieves / cCarlo Graffigna ; [traducción de Andrés Lupo]. aBarcelona : bSeix Barral, c1965. a298 p., 32 lám. ; c22 cm.1 aLupo, Andrés.974803 aES-MaACLjC-28616 bR.57629 c75446d75446 00104070aATENEOMbATENEOMcDEPO2d2008-01-17eSCl0oC-28616p1078968r2023-02-23 00:00:00w2023-02-23yMONOGRAFIA